000 00242nam a2200097Ia 4500
001 716986
005 20250826162955.0
008 250824s9999 xx 000 0 und d
245 0 _aYOKUŞA AKAN SULAR
_cMUSTAFA KARACA
260 _bDERGAH YAYINLARI
999 _c716986
_d716986